Quizzes
Events
Quiz Creation
Community
Videos
Private Events
Remove Ads
Sign In
Join for FREE
Feedback
Dark Mode
Quiz Categories
Sports
Geography
Music
Movies
Television
Just For Fun
Miscellaneous
History
Literature
Language
Science
Gaming
Entertainment
Religion
Holiday
For Kids
Quiz Lab
Recent
Popular Today
Quiz Kudos Today
Editor Picks
Curator Picks
Quizzes by...
Day
Popularity
Type
Ratings
Length
Year
Community
Subscriptions
Recent Discussions
Orange Saloon
Badges
Playlists
Quests
Create
Leaderboards
Showdown
Live 5
Trivia Bingo
Activity
Puzzle Library
Sporcle Events
Private Events
Virtual Trivia
Globe League
Become a Host
Pub Owners
SporcleCon
Opinionation
Our Games
Videos
Blog
Mobile Apps
Partnerships
Remove Ads and Go Orange
Feedback
Miscellaneous
Crossword
General Knowledge
Baby Names
Logo
Food
Cars
Numbers
Grab Bag
University
College
Popular
Company
Slogans
Restaurants
Justice
Letter
Miscellaneous
Crossword
General Knowledge
Baby Names
Logo
Food
Cars
Numbers
Grab Bag
University
College
Popular
Company
Slogans
Restaurants
Justice
Letter
Random Quiz
Search Sporcle
×
Quiz Lab
Quiz Lab
Miscellaneous
Slogans
Type in answers that appear in a list
Type in answers that appear in a list
Classic
Best Score? Go Orange.
Company Slogans Stats
Can you name the Company Slogans?
By
nubbie
5m
26 Questions
306 Plays
306 Plays
306 Plays
Comments
Comments
Give Quiz Kudos
Give Quiz Kudos
-
- Ratings
hide this ad
More Info
Replay
Link that replays current quiz
Next Quiz
Link to next quiz in quiz playlist
You Got
0%
They Got
Avg Score
42%
Avg Friend Score
Upgrade to see
Score Distribution
Jump to the score distribution portion of the page
Score
0/26
Timer
05:00
0
Plays Today
Slogan
Company
% Correct
I'm Lovin' It
McDonalds
95.8%
Eat Fresh
Subway
95.1%
Just Do It
Nike
91.8%
Think Outside the Bun
Taco Bell
80.1%
Every Kiss Begins with K
Kay Jewelers
79.7%
Save Money. Live Better.
Wal-Mart
63.7%
The Great American Chocolate Bar
Hershey's
63.1%
Eat Mor Chikin
Chick-fil-a
62.1%
Where the Pets Go
Petco
62.1%
Mentally Stimulating Diversions
Sporcle
60.1%
Expect More. Pay Less
Target
52.3%
You Can Do It. We can Help
Home Depot
49.7%
When You're Here, You're Family
Olive Garden
49.7%
Slogan
Company
% Correct
The Worldwide Leader in Sports
ESPN
41.2%
Come Hungry. Leave Happy
IHOP
39.9%
Freaky Fast, Freaky Good
Jimmy John's
22.9%
Nothing Runs Like a (blank)
John Deere
21.9%
Now You're Eating
Pizza Hut
12.1%
You Have to Be Here
Buffalo Wild Wings
11.4%
Your Potential Our Passion
Microsoft
9.8%
Come See What's Fresh Today
Red Lobster
6.9%
We Answer to a Higher Authority
Hebrew National
6.2%
The Company of Champions
General Mills
4.9%
I Am What I Am
Reebok
4.6%
Serving Great Steaks Tonight
The Steak House
3.6%
Get Fired Up
Hot Tamales
2.6%
Quiz Playlist
Details
Report
Send in Message
Add To Playlist
More Info:
.
Classic:
Type in answers that appear in a list
Last Updated: Feb 16, 2017
Quiz Scoreboard
CHALLENGE
Sign Up to Join the Scoreboard
Show All
Scores
Hide
Comments
May contain spoilers
Recently Published
Alphabetical 'K' Countries by Flag Minefield
by ylime102
Geography
3m
Pick 6: Fruits
by JohnFran
Miscellaneous
15s
Click the 1999 NBA Draft
by nibperrychub
Sports
2m
More to Explore
Quiz From the Vault
Featured Blog Post
15 Basketball Trivia Facts You Can Be March Mad About
hide this ad
You Might Also Like...
Tags
Company Quiz
Slogans Quiz
Today's Top Quizzes in Miscellaneous
Browse Miscellaneous
hide this ad
Today's Top Quizzes in Slogans
Browse Slogans
Top Contributed Quizzes in Miscellaneous
1
Spring Months consonants
2
Pick 6: Vegetables
3
Pick 6: Supreme Pizza
4
Four Seasons
5
Guess the 'S' Things in 3 Words
6
Pick 6: University Mascots
7
The JOE quick-fire general knowledge quiz: Day 166
8
Sporcle Acrostic Puzzle XXXV
9
Guess the 'T' Things in 3 Words
10
Guess the 'V' Things in 3 Words
Explore More
Trending Topics
Marvel
NBA
Disney
Crossword
Anime
Kpop
Harry Potter
Song
The Office
Country
WWE
Soccer
NFL
Puzzle
Pokémon
hide this ad
More By:
nubbie
Quiz
Plays
Rating
Category
Featured
Created
Wicked Songs
6,618
4.47
Music
Jan 1, 2010
Phantom of the Opera Characters
6,152
4.50
Entertainment
Dec 18, 2009
Phantom of the Opera Songs
4,732
4.67
Music
Dec 19, 2009
Phantom of The Opera Trivia
3,213
4.50
Entertainment
Jun 15, 2010
The First Twenty X-Men
2,977
2.37
Entertainment
Dec 15, 2009
Go to Creator's Profile
Score Distribution
Quiz Creator Spotlight
nubbie
Follow
Send a Message
Quizzes Created
-
Created Quiz Play Count
-
More By This Creator
Popular Quizzes Today
1
Find the US States - No Outlines Minefield
2
Countries of Asia Without Outlines Minefield
3
Pick 6: Fruits
4
The Countries of the World
5
Alphabetical 'K' Countries by Flag Minefield
6
Click the 1999 NBA Draft
7
Match the Book to the Film X
8
Find the US States
More Miscellaneous Quizzes
Sets of Three XII
Published
Trending Quizzes
Pick 6: Harry Potter
Pick 6: Mountains
Pick 6: NFL Teams
Pick 6: Movie Franchises
Pick 6: Golfers
Recently Updated
Women's Final Four Teams by Year
bhenderson79
Presidents Quartet II
eogle
Anything But Clue(do)
eogle
Anything But Oceanian Capitals
eogle
Anything But 7
eogle
Anything But Thing
eogle
Word Ladder: February 29
pecheneg
Song Title Questions
pecheneg
Women's NCAA Tournament #1 Seeds
pecheneg
Celebrity Mug Shots
pecheneg
Trending Topics
Anime
Disney
Kpop
Marvel
NBA
Crossword
Harry Potter
Song
Soccer
Pokémon
Country
NFL
Puzzle
The Office
WWE
Your Account Isn't Verified!
In order to create a playlist on Sporcle, you need to verify the email address you used during registration. Go to your
Sporcle Settings
to finish the process.
Report this User
Report this user for behavior that violates our
Community Guidelines
.
Details:
Send Report
Go to the Sporcle.com Mobile Site →
Comments